000 00386nam a2200133Ia 4500
008 100328s9999 xx 000 0 und d
082 _b18265
100 _aभाटे वामनराव
245 _aकहाण्यानी वसे
260 _b---
630 _aकहाण्यानी वसे
730 _aकहाण्यानी वसे
942 _cBOOK
999 _c512698
_d512695